000 00424nam a2200181Ia 4500
005 20240823020625.0
008 240823s9999||||xx |||||||||||||| ||und||
041 _aENGLISH
082 _A294.5925 P5
100 _aSwami Prabhupada
245 0 _aBeyond Birth and Death
250 _a1st
260 _bBhaktivedanta Book
_aMumbai
500 _aTRANSFERED
650 _aPurana
_bGeneral
942 _cBK
999 _c175186
_d175186